Emerging Trade Agenda (Record no. 639063)

MARC details
000 -LEADER
fixed length control field 00799nam a2200253Ia 4500
003 - CONTROL NUMBER IDENTIFIER
control field OSt
005 - DATE AND TIME OF LATEST TRANSACTION
control field 20220926022256.0
008 - FIXED-LENGTH DATA ELEMENTS--GENERAL INFORMATION
fixed length control field 220923b |||||||| |||| 00| 0 eng d
020 ## - INTERNATIONAL STANDARD BOOK NUMBER
International Standard Book Number 9211009901
037 ## - SOURCE OF ACQUISITION
Terms of availability General Book
040 ## - CATALOGING SOURCE
Original cataloging agency RTL
Transcribing agency RTL
Language of cataloging eng
041 ## - LANGUAGE CODE
Source of code eng
Language code of text/sound track or separate title eng
100 ## - MAIN ENTRY--PERSONAL NAME
Personal name Whalley John
9 (RLIN) 250329
245 #0 - TITLE STATEMENT
Title Emerging Trade Agenda
Remainder of title Quantitative-Based Analyses for the development perpechtives forward by R Ricupero
260 ## - PUBLICATION, DISTRIBUTION, ETC.
Place of publication, distribution, etc. New York
Name of publisher, distributor, etc. United Nations
Date of publication, distribution, etc. 1998
300 ## - PHYSICAL DESCRIPTION
Extent 512p Bibliography chapterwise
Dimensions cm.
650 ## - SUBJECT ADDED ENTRY--TOPICAL TERM
Topical term or geographic name entry element Foreign Trade
700 ## - ADDED ENTRY--PERSONAL NAME
Personal name Thomas Harmon
9 (RLIN) 327595
942 ## - ADDED ENTRY ELEMENTS (KOHA)
Classification part X:54(B), N8/TD
Koha item type General Books
Source of classification or shelving scheme Colon Classification (CC)
Holdings
Withdrawn status Lost status Damaged status Not for loan Home library Current library Date acquired Total Checkouts Full call number Barcode Date last seen Price effective from Koha item type
        Ratan Tata Library Ratan Tata Library 2022-09-26   X:54(B) N8/TD RT1116743 2022-09-26 2022-09-26 General Books
Copyright @ Delhi University Library System